A esperança de centopia (Registo nº 6078)
[ vista simples ]
| 000 -Etiqueta do registo | |
|---|---|
| Valores | 00784nam a2200253 4500 |
| 010 ## - Número ISBN | |
| ISBN | 9789897071843 |
| 021 ## - Número do Depósito Legal | |
| Número | 365795/13 |
| 100 ## - Dados gerais de processamento | |
| Dados gerais | 20211231d2013 c||y0pory50030103ba |
| 200 1# - Titulo e menção de responsabilidade | |
| Título próprio | A esperança de centopia |
| Primeira menção de responsabilidade | criado por Gerhard Hahn |
| 205 ## - Menção da edição | |
| Edição | 1ª ed |
| 210 #9 - Publicação | |
| Local de publicação | Amadora |
| Nome do editor | Booksmile |
| Data de publicação | 2013 |
| 215 ## - Descrição física | |
| Paginação / Volumes | 32 p. |
| Outras indicações físicas | muito il. |
| Dimensões | 23 cm |
| 225 2# - Colecção | |
| Título próprio da colecção | Mia and me. |
| Nome de parte ou secção | Os mundos de Mia |
| Indicação de volume | 2 |
| 606 ## - Nome comum usado como assunto | |
| ID Autoridade | 14 |
| Palavra de ordem | Literatura infantil |
| 606 ## - Nome comum usado como assunto | |
| ID Autoridade | 13 |
| Palavra de ordem | Literatura Estrangeira |
| 675 ## - CDU | |
| Notação | 82-93 |
| Edição | BN |
| Língua | por |
| 675 ## - CDU | |
| Notação | 821.1/.8 |
| Edição | BN |
| Língua | por |
| 700 ## - Autor principal (pessoa individual) | |
| Apelido | Hahn |
| Nome | Gerhard |
| Datas | 1946- |
| ID Autoridade | 5785 |
| 801 #0 - Fonte de origem | |
| País | PT |
| Agência | BMVN |
| Regras de catalogação | RPC |
| 830 ## - Notas gerais do catalogador | |
| Criado por | Ana Caetano |
| Data de criação | 31/12/2021 |
| 856 41 - Localização e acesso electrónico | |
| URL | <a href="http://rnod.bnportugal.gov.pt/ImagesBN/winlibimg.aspx?skey=&doc=1867079&img=40131&save=true">http://rnod.bnportugal.gov.pt/ImagesBN/winlibimg.aspx?skey=&doc=1867079&img=40131&save=true</a> |
| 990 ## - Elementos KOHA | |
| Tipo de documento | Livro |
| Situação do levantamento | Biblioteca de origem | Código de barras | Cota | Permissão de empréstimo | Tipo de documento | Forma de aquisição |
|---|---|---|---|---|---|---|
| Biblioteca Municipal de Vendas Novas | 100000014516 | LI EST/MUN | Livro |